[Event "OMA-ch"]
[Site "Muscat"]
[Date "2021.09.22"]
[Round "1"]
[White "Salim, Mohammed Salim Al"]
[Black "Al Hinai, Abdul Rahim"]
[Result "1-0"]
[WhiteElo "1926"]
[BlackElo "1142"]
[PlyCount "63"]
[EventDate "2021.09.22"]
[EventType "swiss"]
[EventRounds "9"]
[EventCountry "OMN"]
[SourceTitle "EXT 2023"]
[Source "ChessBase"]
[SourceDate "2022.10.05"]
[SourceVersion "1"]
[SourceVersionDate "2022.10.05"]
[SourceQuality "1"]

1. e4 e5 2. Nf3 d6 3. d4 Nc6 4. Bc4 Bg4 5. c3 Nf6 6. d5 Na5 7. Bd3 b6 8. h3 Bxf3 9. Qxf3 Be7 10. Ba6 0-0 11. b4 c5 12. bxa5 bxa5 13. 0-0 Qb6 14. Bc4 Qb7 15. Na3 a6 16. Rb1 Qc7 17. Bg5 Nxe4 18. Bxe7 Qxe7 19. Qxe4 Qc7 20. Be2 f5 21. Qh4 Qf7 22. Rb6 Qxd5 23. Bc4 Qxc4 24. Nxc4 Rf6 25. Nxd6 e4 26. Qg5 f4 27. Rb7 Rg6 28. Qd5+ Kh8 29. Nf7+ Kg8 30. Nh6+ Kh8 31. Qg8+ Rxg8 32. Nf7# 1-0